000 01070nam a22002777a 4500
001 06140
003 HDC
007 cr bn ---aaaaa
008 210123b20082008xxu||||| |||| 00| 0 eng d
020 _a9781420043808
040 _aHDC
100 _aDi Pasquale, Mauro G
_eauthor
_96462
245 0 _aProtein foods versus protein and amino acid supplements
_c/ Mauro Di Pasquale
260 _aUnited States:
_bCRC Press,
_c2008
300 _a1 online resource (11 pages)
336 _atext
_2rdacontent
337 _acomputer
_2rdamedia
338 _aonline resource
_2rdacarrier
500 _aOriginally from: Amino Acids and Proteins for the Athlete: The Anabolic Edge, 2008 (pages 185-195)
_aIncludes bibliographical references
650 _aAmino acids in human nutrition
_96464
650 _aProteins in human nutrition
_96463
856 _zRequest full-text at [email protected]
942 _2lcc
942 _cCHAP
942 _kEBCH 004216
999 _c3464
_d3464